<?xml version="1.0" encoding="UTF-8"?>
<record
    xmlns:xsi="http://www.w3.org/2001/XMLSchema-instance"
    xsi:schemaLocation="http://www.loc.gov/MARC21/slim http://www.loc.gov/standards/marcxml/schema/MARC21slim.xsd"
    xmlns="http://www.loc.gov/MARC21/slim">

  <leader>00818nam a2200217Ia 4500</leader>
  <controlfield tag="003">OSt</controlfield>
  <controlfield tag="005">20250610123458.0</controlfield>
  <controlfield tag="008">210210b1999   xxu||||| |||| 00| 0 eng d</controlfield>
  <datafield tag="040" ind1=" " ind2=" ">
    <subfield code="c">AL</subfield>
  </datafield>
  <datafield tag="041" ind1=" " ind2=" ">
    <subfield code="a">Kannada</subfield>
  </datafield>
  <datafield tag="082" ind1=" " ind2=" ">
    <subfield code="a">954.87K PIYK</subfield>
  </datafield>
  <datafield tag="100" ind1=" " ind2=" ">
    <subfield code="a">PIUS FIDELIS PINTO</subfield>
    <subfield code="9">90732</subfield>
    <subfield code="d">&#xCAA;&#xCBF;&#xCAF;&#xCC2;&#xCB8;&#xCCD; &#xCAB;&#xCBF;&#xCA1;&#xCC6;&#xCB2;&#xCBF;&#xCB8;&#xCCD; &#xCAA;&#xCBF;&#xC82;&#xC9F;&#xCCA;</subfield>
  </datafield>
  <datafield tag="245" ind1=" " ind2=" ">
    <subfield code="a">Karavali karnatakada konkani kraisthara itihasa (1500-1763)</subfield>
    <subfield code="b">&#xC95;&#xCB0;&#xCBE;&#xCB5;&#xCB3;&#xCBF; &#xC95;&#xCB0;&#xCCD;&#xCA8;&#xCBE;&#xC9F;&#xC95;&#xCA6; &#xC95;&#xCCA;&#xC82;&#xC95;&#xCA3;&#xCBF; &#xC95;&#xCCD;&#xCB0;&#xCC8;&#xCB8;&#xCCD;&#xCA4;&#xCB0; &#xC87;&#xCA4;&#xCBF;&#xCB9;&#xCBE;&#xCB8; (&#xCE7;&#xCEB;&#xCE6;&#xCE6;-&#xCE7;&#xCED;&#xCEC;&#xCE9;)</subfield>
  </datafield>
  <datafield tag="260" ind1=" " ind2=" ">
    <subfield code="a">Mangaluru.</subfield>
    <subfield code="b">Samanvaya Prakashana.,</subfield>
    <subfield code="c">1999</subfield>
  </datafield>
  <datafield tag="300" ind1=" " ind2=" ">
    <subfield code="a">v,300</subfield>
  </datafield>
  <datafield tag="650" ind1=" " ind2=" ">
    <subfield code="a">History of Christians in costal Karnataka</subfield>
    <subfield code="9">213921</subfield>
  </datafield>
  <datafield tag="650" ind1=" " ind2=" ">
    <subfield code="a"> Pius Fidelis Pinto</subfield>
    <subfield code="9">213925</subfield>
  </datafield>
  <datafield tag="690" ind1=" " ind2=" ">
    <subfield code="a">Karnataka History</subfield>
    <subfield code="9">90733</subfield>
  </datafield>
  <datafield tag="906" ind1=" " ind2=" ">
    <subfield code="a">054724</subfield>
  </datafield>
  <datafield tag="942" ind1=" " ind2=" ">
    <subfield code="2">ddc</subfield>
    <subfield code="c">BK</subfield>
  </datafield>
  <datafield tag="999" ind1=" " ind2=" ">
    <subfield code="c">102145</subfield>
    <subfield code="d">102145</subfield>
  </datafield>
  <datafield tag="952" ind1=" " ind2=" ">
    <subfield code="0">0</subfield>
    <subfield code="1">0</subfield>
    <subfield code="2">ddc</subfield>
    <subfield code="4">0</subfield>
    <subfield code="7">0</subfield>
    <subfield code="8">HIS</subfield>
    <subfield code="a">AL</subfield>
    <subfield code="b">AL</subfield>
    <subfield code="d">2021-02-17</subfield>
    <subfield code="g">190.00</subfield>
    <subfield code="l">0</subfield>
    <subfield code="o">954.87K PIYK</subfield>
    <subfield code="p">054724</subfield>
    <subfield code="r">2021-02-17 00:00:00</subfield>
    <subfield code="w">2021-02-17</subfield>
    <subfield code="y">BK</subfield>
  </datafield>
  <datafield tag="952" ind1=" " ind2=" ">
    <subfield code="0">0</subfield>
    <subfield code="1">0</subfield>
    <subfield code="2">ddc</subfield>
    <subfield code="4">0</subfield>
    <subfield code="7">0</subfield>
    <subfield code="8">HIS</subfield>
    <subfield code="a">AL</subfield>
    <subfield code="b">AL</subfield>
    <subfield code="d">2021-02-17</subfield>
    <subfield code="g">190.00</subfield>
    <subfield code="l">0</subfield>
    <subfield code="o">954.87K PIYK</subfield>
    <subfield code="p">054723</subfield>
    <subfield code="r">2021-02-17 00:00:00</subfield>
    <subfield code="w">2021-02-17</subfield>
    <subfield code="y">BK</subfield>
  </datafield>
</record>
